| 000 | 00513nam a2200181 i 4500 | ||
|---|---|---|---|
| 001 | 67195 | ||
| 003 | ES-MaACL | ||
| 005 | 20240519063023.0 | ||
| 007 | t| | ||
| 008 | 040511s1986 sp ||||1| spa d | ||
| 080 | _a821.134.2-14"19" | ||
| 100 | 1 |
_aBelli, Carlos Germán, _d1927- _927208 |
|
| 245 | 1 | 3 |
_aEl buen mudar / _cCarlos Germán Belli. |
| 260 |
_aMadrid : _bEdiciones del Tapir, _c1986. |
||
| 300 |
_a[18] p. ; _c19 cm. |
||
| 852 |
_aES-MaACL _j2177-F-5 _bR.132472 |
||
| 999 |
_c67195 _d67195 |
||